Vojenský aspekt úsilia Číny o status superveľmoci

Vzostup vojenských schopností Číny v rámci jej úsilia o status superveľmoci. Vojenské výzvy, ktorým Čína čelí. Rozvoj jednotlivých zložiek čínskych ozbrojených síl, s dôrazom na námorníctvo. Vojenská spolupráca Číny s inými štátmi a jej zapojenie do misií OSN.

Salvato in:
Dettagli Bibliografici
Autore principale: Ondriaš, Juraj, 1988-
Natura: Capitolo di libro
Lingua:slovacco
Soggetti:
Tags: Aggiungi Tag
Nessun Tag, puoi essere il primo ad aggiungerne!!

MARC

LEADER 00000nla a2200000 4500
001 0240873
005 20240502073924.5
041 0 |a slo 
044 |a SK 
245 1 0 |a Vojenský aspekt úsilia Číny o status superveľmoci  |c Juraj Ondriaš 
520 |a Vzostup vojenských schopností Číny v rámci jej úsilia o status superveľmoci. Vojenské výzvy, ktorým Čína čelí. Rozvoj jednotlivých zložiek čínskych ozbrojených síl, s dôrazom na námorníctvo. Vojenská spolupráca Číny s inými štátmi a jej zapojenie do misií OSN. 
610 2 0 |a Čína 
610 2 0 |a politika medzinárodná 
610 2 0 |a armáda 
610 2 0 |a bezpečnosť medzinárodná 
100 1 |a Ondriaš, Juraj, 1988-